ITGC - Geographical areas of Israël - Statistics

General Stats
  • This quiz has been taken 9 times
  • The average score is 14 of 25
Answer Stats
Answer % Correct
Eilat Mountains
80%
Gaza Strip
80%
Golan Heights
80%
Lower Galilee
80%
Northern Judea Desert
80%
Samaria (Shomron)
80%
Southern Judea Desert
80%
Upper Galilee
80%
Beer-Sheva / Arad Valley
60%
Carmel Coastal Plain
60%
Central Neguev Mountains
60%
Hula Valley
60%
Jordan Valley
60%
Judea Hills (Shefelah)
60%
Kineret Valley / Kinarot Valley
60%
Mount Carmel
60%
Sharon Coastal Plain
60%
Galilee Coastal Plain
40%
Judea Mountains
40%
Arava Valley
20%
Halutza Sands
20%
Northern Valley
20%
Southern Coastal Plain
20%
Southern Neguev Plains
20%
Western Neguev
20%
No matching quizzes found
Score Distribution
Percent of People with Each Score
Percentile by Number Answered
Your Score History
You have not taken this quiz